000
00336 a2200157 4500
001
149333
040
_c
Escola São Tomás de Aquino
100
_a
BUENO, Edna
240
1
0
_a
Entre os Bambus
_l
por
245
1
0
_a
Entre os Bambus
300
_a
31
362
0
_a
2003
440
1
_a
Global
697
_a
*LITERATURA INFANTO
942
_c
BK
999
_c
149333
_d
149333